ARRUPE JESUIT UNIVERSITY

CORONAVIRUS -STOP THE SPREAD - CLEAN,DISINFECT,COVER

The Immortal "I" : (Record no. 121879)

MARC details
000 -LEADER
fixed length control field 00626nam a22001937a 4500
008 - FIXED-LENGTH DATA ELEMENTS--GENERAL INFORMATION
fixed length control field 150122b xxu||||| |||| 00| 0 eng d
020 ## - INTERNATIONAL STANDARD BOOK NUMBER
International Standard Book Number 0615129242
050 ## - LIBRARY OF CONGRESS CALL NUMBER
Classification number BF121.S47 2008
100 ## - MAIN ENTRY--PERSONAL NAME
Personal name Shea, Eugene B.
9 (RLIN) 14587
245 ## - TITLE STATEMENT
Title The Immortal "I" :
Remainder of title A unified theory of psychology, neurology, and the perennial philosophy/
Statement of responsibility, etc Eugene B. Shea.
250 ## - EDITION STATEMENT
Edition statement 2nd ed.
260 ## - PUBLICATION, DISTRIBUTION, ETC. (IMPRINT)
Place of publication, distribution, etc Illinois:
Name of publisher, distributor, etc The Shelton Group,
Date of publication, distribution, etc 2008.
300 ## - PHYSICAL DESCRIPTION
Extent xix, 228p.
Dimensions 23 cm.
650 ## - SUBJECT ADDED ENTRY--TOPICAL TERM
Topical term or geographic name as entry element Christianity
General subdivision Psychology
9 (RLIN) 14588
650 ## - SUBJECT ADDED ENTRY--TOPICAL TERM
Topical term or geographic name as entry element Self
9 (RLIN) 11306
650 ## - SUBJECT ADDED ENTRY--TOPICAL TERM
Topical term or geographic name as entry element Love
9 (RLIN) 14589
650 ## - SUBJECT ADDED ENTRY--TOPICAL TERM
Topical term or geographic name as entry element Belief and doubt
9 (RLIN) 14590
942 ## - ADDED ENTRY ELEMENTS (KOHA)
Source of classification or shelving scheme Library of Congress Classification
Item type Monograph ( Printed materials)
Koha issues (borrowed), all copies 1
Holdings
Withdrawn status Lost status Source of classification or shelving scheme Damaged status Not for loan Collection code Home library Current library Shelving location Date acquired Total Checkouts Full call number Barcode Date last seen Date last borrowed Copy number Price effective from Koha item type
    Library of Congress Classification     Main Collection ARRUPE LIBRARY ARRUPE LIBRARY Main Collection 22/01/2015 1 BF121.S47 2008 46500003057 13/09/2016 17/03/2015 1 22/01/2015 Monograph ( Printed materials)

 

Arrupe Library. PO Box MP320 Mt Pleasant, Harare, Zimbabwe
263 242 745411|librarian@aju.ac.zw